| 000 | 01149nmm a2200361 a 4500 | ||
|---|---|---|---|
| 003 | AR-BaBNM | ||
| 005 | 20251128210609.0 | ||
| 008 | 190020s1999 ||||||||||||||000 | spa|| | ||
| 040 | _cAR-BaBNM | ||
| 100 | 1 | _aCasali, Amalia | |
| 245 | 1 | 0 |
_aLa energía _bgeneradora de vida |
| 260 |
_aNeuquén _bEPEN _bCPE _c1999 |
||
| 300 |
_a68 p. _bil., gráfs., tablas |
||
| 500 | _aEPEN: Ente Provincial de Energía del Neuquén | ||
| 500 | _aCPE: Consejo Provincial de Educación | ||
| 500 | _aEste material forma parte del Programa Educativo de Energías Renovables y Uso Racional de la Energía | ||
| 650 | 4 | _aEDUCACION AMBIENTAL | |
| 650 | 4 | _aENERGIA | |
| 650 | 4 | _aRECURSOS NATURALES | |
| 650 | 4 | _aPROGRAMAS DE EDUCACION | |
| 650 | 4 | _aACTIVIDADES DE APRENDIZAJE | |
| 650 | 4 | _aTECNICAS DIDACTICAS | |
| 651 | 4 | _aNeuquén | |
| 653 | _aTEMAS TRANSVERSALES | ||
| 653 | _aENSEÑANZA DE LAS CIENCIAS NATURALES | ||
| 653 | _aEDUCACION TECNOLOGICA | ||
| 700 | 1 | _aGrinner, Beatriz | |
| 700 | 1 |
_aAbad, alida _erevisión |
|
| 700 | 1 |
_aFerragut, Mirta _erevisión |
|
| 700 | 1 |
_aPedro, Graciela _erevisión |
|
| 942 | _cBK | ||
| 998 | _cRaquel | ||
| 999 |
_c16109 _d16109 |
||